000 00511pab a2200193 454500
008 180718b2018 xxu||||| |||| 00| 0 eng d
100 _aFrisch-Aviram, Neomi
245 _aLow-level bureaucrats, local government regimes and policy entrepreneurship
260 _c2018
300 _ap.39-57.
362 _aMar
650 _aLocal government
650 _aBureaucracy
650 _aPublic policy
700 _aBeeri, Itai
700 _aCohen, Nissim
773 _aPolicy Sciences
909 _a117053
999 _c117047
_d117047